000 00270nam a2200109Ia 4500
008 200302s9999 xx 000 0 und d
100 _aBrian Taylor and Other
245 _aCeramic Glazes the complete handbook
260 _bUnited Kindom
260 _c2014
300 _a320
999 _c7388
_d7388